| 000 | 01135nac a22003970a 4500 | ||
|---|---|---|---|
| 001 | PT35189 | ||
| 003 | AR-LpoUNG | ||
| 005 | 20210201005343.0 | ||
| 008 | 201001s2005||||ag |||||||||||||||||spa d | ||
| 020 |
_a9872149143 _c$18 |
||
| 040 |
_aAR-LpoUNG _bspa _eaacr |
||
| 041 | _aspa | ||
| 044 | _aag | ||
| 082 | 0 | _a982.04 933v3 | |
| 100 | 1 | _aMoussy, V. Martín de | |
| 245 | 1 | 0 | _aDescripción geográfica y estadística de la Confederación Argentina |
| 250 | _a1§ edición | ||
| 260 |
_aBuenos Aires : _bAcademia Nacional de la Historia, _c2005. |
||
| 300 |
_a789 p. : _btbls. _a(3 _fVolúmenes) _3Impreso |
||
| 490 | 0 | _aDescripción geográfica y estadística de la Confederación Argentina | |
| 650 | 4 | _aADMINISTRACION PUBLICA | |
| 650 | 4 | _aANALISIS DEMOGRAFICO | |
| 650 | 4 | _aANALISIS HISTORICO | |
| 650 | 4 | _aARGENTINA | |
| 650 | 4 | _aASPECTOS POLITICOS | |
| 650 | 4 | _aCLIMATOLOGIA | |
| 650 | 4 | _aCOMERCIO | |
| 650 | 4 | _aHIDROGRAFIA | |
| 650 | 4 | _aHISTORIA POLITICA | |
| 650 | 4 | _aINDUSTRIA | |
| 650 | 4 | _aPOBLACION | |
| 651 | 4 | _aArgentina | |
| 700 | 1 |
_aBosch, Beatriz _eed. |
|
| 905 | _a35189 | ||
| 942 | _cLIB | ||
| 999 |
_c49238 _d49238 |
||